Chamber of Secrets Opening (pt. 4) Quiz Stats

 Plays Quiz not verified by Sporcle

Challenge
Share
Tweet
Embed
Score 0/284 Timer 20:00
0 Plays Today
Text % Correct
the
97.2%
the
97.2%
the
97.2%
the
97.2%
the
97.2%
the
97.2%
the
97.2%
the
97.2%
the
97.2%
the
97.2%
the
97.2%
the
97.2%
the
97.2%
the
97.2%
the
97.2%
the
97.2%
the
97.2%
a
94.4%
a
94.4%
a
94.4%
a
94.4%
a
94.4%
Harry
90.1%
Harry,
90.1%
Harry
90.1%
Harry
90.1%
Harry
90.1%
Harry.
90.1%
Harry
90.1%
Harry,
90.1%
Harry
90.1%
an
88.7%
and
87.3%
and
87.3%
and
87.3%
and
87.3%
and
87.3%
and
87.3%
and
87.3%
and
87.3%
and
87.3%
And
87.3%
and
87.3%
He
83.1%
It
83.1%
he
83.1%
he
83.1%
He
83.1%
he
83.1%
he
83.1%
he
83.1%
he
83.1%
was
81.7%
was
81.7%
was
81.7%
was
81.7%
was
81.7%
was
81.7%
was
81.7%
was
81.7%
was
81.7%
was
81.7%
was
81.7%
Dudley
80.3%
Vernon
77.5%
Uncle
76.1%
Petunia
76.1%
on
76.1%
on
76.1%
his
76.1%
on
76.1%
in
76.1%
his
76.1%
his
76.1%
his
76.1%
in
76.1%
his
76.1%
his
76.1%
in
76.1%
Aunt
73.2%
of
71.8%
that
71.8%
that
71.8%
of
71.8%
of
71.8%
of
71.8%
of
71.8%
to
71.8%
to
71.8%
to,
71.8%
that
71.8%
that
71.8%
to
71.8%
to
71.8%
that
71.8%
Text % Correct
for
69%
At
69%
at
69%
for
69%
this
67.6%
This
67.6%
with
66.2%
with
66.2%
had
66.2%
had
66.2%
had
66.2%
had
66.2%
with
66.2%
had
66.2%
had
66.2%
had
66.2%
had
66.2%
with
66.2%
had
66.2%
had
66.2%
had
66.2%
had
66.2%
had
66.2%
with
66.2%
had
66.2%
so
63.4%
wizard.
63.4%
So
63.4%
her
62%
but
60.6%
then,
60.6%
but
60.6%
like
59.2%
hand,
59.2%
thin,
59.2%
scar.
59.2%
scar
59.2%
scar
59.2%
scar,
59.2%
scar
59.2%
where
59.2%
like
59.2%
time,
57.7%
by
57.7%
got
57.7%
car
57.7%
black
57.7%
looked
56.3%
other
56.3%
hair
56.3%
Dursleys'
56.3%
year
56.3%
from
56.3%
parents
56.3%
Dursleys,
56.3%
Dursley's
56.3%
parents.
56.3%
year
56.3%
Hogwarts
56.3%
out.
56.3%
year
56.3%
Dursleys
56.3%
nothing
54.9%
forehead
54.9%
been
54.9%
one
54.9%
all
54.9%
lightning
54.9%
why-
54.9%
been
54.9%
been
54.9%
why
54.9%
school,
54.9%
school
54.9%
over,
54.9%
summer,
54.9%
Voldemort,
53.5%
killed
53.5%
made
52.1%
Dark
52.1%
crash
52.1%
Lord
50.7%
come
50.7%
family.
49.3%
large
49.3%
small
49.3%
left
49.3%
years
49.3%
up
49.3%
years
49.3%
up
49.3%
always
47.9%
very
47.9%
rest
46.5%
eyes
46.5%
Text % Correct
round
46.5%
even
46.5%
only
46.5%
doorstep
46.5%
eleven
46.5%
died
46.5%
kill
46.5%
green
43.7%
glasses,
43.7%
before.
43.7%
mother's
43.7%
ago,
43.7%
famous...
43.7%
back
43.7%
back
43.7%
skinny,
42.3%
story
42.3%
story
42.3%
now
42.3%
wore
40.8%
survived
40.8%
sister
40.8%
being
40.8%
mustache;
39.4%
untidy.
39.4%
Harry's
39.4%
curse
39.4%
Harry's
39.4%
husband.
39.4%
ten
39.4%
written
39.4%
place
39.4%
unusual,
38%
age
38%
old,
38%
whose
38%
most
38%
brought
38%
never
38%
blond,
36.6%
spent
36.6%
whole
36.6%
enormous
35.2%
wizards
35.2%
dead
35.2%
taken
35.2%
name
33.8%
nobody
33.8%
wizarding
33.8%
treated
33.8%
witches
32.4%
things
32.4%
lightning-shaped
31%
reason
29.6%
attack,
29.6%
escaped
29.6%
somehow
28.2%
feared
28.2%
speak.
28.2%
somehow-
28.2%
exactly
28.2%
Voldemort's
26.8%
Voldemort's
26.8%
still
25.4%
without
25.4%
horse-faced
23.9%
bony;
23.9%
believing
23.9%
understood
22.5%
powers
22.5%
something
22.5%
past,
21.1%
greatest
21.1%
failed
21.1%
happen
21.1%
porky.
19.7%
jet-black
19.7%
neckless,
18.3%
pink,
18.3%
mysterious
18.3%
instant
18.3%
kept
18.3%
meaning
18.3%
particularly
16.9%
destroyed
16.9%
understanding
16.9%
dog
16.9%
rolled
16.9%
odd
15.5%
smelly.
15.5%
brilliant
14.1%
hint
12.7%
making
12.7%
sorceror
11.3%

You're not logged in!

Compare scores with friends on all Sporcle quizzes.
Join for Free
OR
Log In

You Might Also Like...

Show Comments

Extras

Top Quizzes Today


Score Distribution

Your Account Isn't Verified!

In order to create a playlist on Sporcle, you need to verify the email address you used during registration. Go to your Sporcle Settings to finish the process.

Report this User

Report this user for behavior that violates our Community Guidelines.

Details: